<?xml version="1.0" encoding="UTF-8"?>
<record
    xmlns:xsi="http://www.w3.org/2001/XMLSchema-instance"
    xsi:schemaLocation="http://www.loc.gov/MARC21/slim http://www.loc.gov/standards/marcxml/schema/MARC21slim.xsd"
    xmlns="http://www.loc.gov/MARC21/slim">

  <leader>01898nam a2200301 a 4500</leader>
  <controlfield tag="001">79765</controlfield>
  <controlfield tag="003">BD-RjUL</controlfield>
  <controlfield tag="005">20221110094717.0</controlfield>
  <controlfield tag="008">220508s2005    bg ||||| m||| 00| 0 ben d</controlfield>
  <datafield tag="035" ind1=" " ind2=" ">
    <subfield code="a">(BD-RjUL)79765</subfield>
  </datafield>
  <datafield tag="040" ind1=" " ind2=" ">
    <subfield code="a">BD-RjUL</subfield>
    <subfield code="b">ben / eng</subfield>
    <subfield code="c">BD-RjUL</subfield>
    <subfield code="d">BD-RjUL</subfield>
  </datafield>
  <datafield tag="041" ind1=" " ind2=" ">
    <subfield code="a">ben</subfield>
  </datafield>
  <datafield tag="082" ind1=" " ind2=" ">
    <subfield code="a">891.4409</subfield>
    <subfield code="b">AKA 2005</subfield>
    <subfield code="2">23</subfield>
  </datafield>
  <datafield tag="100" ind1=" " ind2=" ">
    <subfield code="a">&#x986;&#x996;&#x9A4;&#x9BE;&#x9B0;&#x9C1;&#x99C;&#x9CD;&#x99C;&#x9BE;&#x9B9;&#x9BE;&#x9A8;</subfield>
    <subfield code="9">274</subfield>
  </datafield>
  <datafield tag="245" ind1="0" ind2="1">
    <subfield code="a">&#x986;&#x9B9;&#x9B8;&#x9BE;&#x9A8; &#x9B9;&#x9BE;&#x9AC;&#x9C0;&#x9AC;&#x9C7;&#x9B0; &#x9B8;&#x9BE;&#x9B9;&#x9BF;&#x9A4;&#x9CD;&#x9AF;&#x995;&#x9C3;&#x9A4;&#x9BF; /</subfield>
    <subfield code="c">&#x986;&#x996;&#x9A4;&#x9BE;&#x9B0;&#x9C1;&#x99C;&#x9CD;&#x99C;&#x9BE;&#x9B9;&#x9BE;&#x9A8; ;</subfield>
    <subfield code="6">&#x997;&#x9AC;&#x9C7;&#x9B7;&#x9A3;&#x9BE; &#x9A4;&#x9A4;&#x9CD;&#x9A4;&#x9CD;&#x9AC;&#x9BE;&#x9AC;&#x9A7;&#x9BE;&#x9AF;&#x9BC;&#x995;: &#x996;&#x9CB;&#x9A8;&#x9CD;&#x9A6;&#x995;&#x9BE;&#x9B0; &#x9B8;&#x9BF;&#x9B0;&#x9BE;&#x99C;&#x9C1;&#x9B2; &#x9B9;&#x995;</subfield>
  </datafield>
  <datafield tag="260" ind1=" " ind2=" ">
    <subfield code="a">&#x9B0;&#x9BE;&#x99C;&#x9B6;&#x9BE;&#x9B9;&#x9C0; :</subfield>
    <subfield code="b">&#x9AC;&#x9BE;&#x982;&#x9B2;&#x9BE; &#x9AC;&#x9BF;&#x9AD;&#x9BE;&#x997;, &#x9B0;&#x9BE;&#x99C;&#x9B6;&#x9BE;&#x9B9;&#x9C0; &#x9AC;&#x9BF;&#x9B6;&#x9CD;&#x9AC;&#x9AC;&#x9BF;&#x9A6;&#x9CD;&#x9AF;&#x9BE;&#x9B2;&#x9AF;&#x9BC;,</subfield>
    <subfield code="c">&#x9E8;&#x9E6;&#x9E6;&#x9EB;</subfield>
  </datafield>
  <datafield tag="300" ind1=" " ind2=" ">
    <subfield code="a">[&#x9EA;], &#x9E7;&#x9ED;&#x9EA; &#x9AA;&#x9BE;&#x9A4;&#x9BE; ;</subfield>
    <subfield code="c">&#x9E8;&#x9EF; &#x9B8;&#x9C7;&#x9AE;&#x9BF;.</subfield>
  </datafield>
  <datafield tag="502" ind1=" " ind2=" ">
    <subfield code="a">&#x9A5;&#x9BF;&#x9B8;&#x9BF;&#x9B8; (&#x9AA;&#x9BF;&#x98F;&#x987;&#x99A;.&#x9A1;&#x9BF;.) -- &#x9AC;&#x9BE;&#x982;&#x9B2;&#x9BE; &#x9AC;&#x9BF;&#x9AD;&#x9BE;&#x997;, &#x9B0;&#x9BE;&#x99C;&#x9B6;&#x9BE;&#x9B9;&#x9C0; &#x9AC;&#x9BF;&#x9B6;&#x9CD;&#x9AC;&#x9AC;&#x9BF;&#x9A6;&#x9CD;&#x9AF;&#x9BE;&#x9B2;&#x9AF;&#x9BC;, &#x9E8;&#x9E6;&#x9E6;&#x9EB;</subfield>
  </datafield>
  <datafield tag="504" ind1=" " ind2=" ">
    <subfield code="a">&#x997;&#x9CD;&#x9B0;&#x9A8;&#x9CD;&#x9A5;&#x9AA;&#x99E;&#x9CD;&#x99C;&#x9BF; : &#x9AA;&#x9BE;&#x9A4;&#x9BE; [&#x9E7;&#x9EC;&#x9EE;]-&#x9E7;&#x9ED;&#x9EA;</subfield>
  </datafield>
  <datafield tag="600" ind1=" " ind2=" ">
    <subfield code="a">&#x9B9;&#x9BE;&#x9AC;&#x9C0;&#x9AC;, &#x986;&#x9B9;&#x9B8;&#x9BE;&#x9A8; </subfield>
    <subfield code="d">&#x9E7;&#x9EF;&#x9E7;&#x9ED; -  &#x9E7;&#x9EF;&#x9EE;&#x9EB; &#x996;&#x9CD;&#x9B0;&#x9BF;&#x9B7;&#x9CD;&#x99F;&#x9BE;&#x9AC;&#x9CD;&#x9A6;</subfield>
    <subfield code="x">&#x9AC;&#x9CD;&#x9AF;&#x9BE;&#x996;&#x9BE; &#x993; &#x9B8;&#x9AE;&#x9BE;&#x9B2;&#x9CB;&#x99A;&#x9A8;&#x9BE; </subfield>
    <subfield code="9">5173</subfield>
  </datafield>
  <datafield tag="600" ind1=" " ind2=" ">
    <subfield code="a">Habib, Ahsan </subfield>
    <subfield code="d">1917-1985 A. D.</subfield>
    <subfield code="x">Inerpretation and Criticism</subfield>
    <subfield code="9">5174</subfield>
  </datafield>
  <datafield tag="600" ind1=" " ind2=" ">
    <subfield code="a">&#x9B9;&#x9BE;&#x9AC;&#x9C0;&#x9AC;, &#x986;&#x9B9;&#x9B8;&#x9BE;&#x9A8; </subfield>
    <subfield code="d">&#x9E7;&#x9EF;&#x9E7;&#x9ED; -  &#x9E7;&#x9EF;&#x9EE;&#x9EB; &#x996;&#x9CD;&#x9B0;&#x9BF;&#x9B7;&#x9CD;&#x99F;&#x9BE;&#x9AC;&#x9CD;&#x9A6;</subfield>
    <subfield code="x">&#x99C;&#x9C0;&#x9AC;&#x9A8;&#x9C0;</subfield>
    <subfield code="9">5175</subfield>
  </datafield>
  <datafield tag="600" ind1=" " ind2=" ">
    <subfield code="a">Habib, Ahsan </subfield>
    <subfield code="d">1917-1985 A. D.</subfield>
    <subfield code="x">Biography</subfield>
    <subfield code="9">5176</subfield>
  </datafield>
  <datafield tag="650" ind1=" " ind2=" ">
    <subfield code="a">&#x9AC;&#x9BE;&#x982;&#x9B2;&#x9BE; &#x9B8;&#x9BE;&#x9B9;&#x9BF;&#x9A4;&#x9CD;&#x9AF;</subfield>
    <subfield code="v">&#x987;&#x9A4;&#x9BF;&#x9B9;&#x9BE;&#x9B8; &#x993; &#x9B8;&#x9AE;&#x9BE;&#x9B2;&#x9CB;&#x99A;&#x9A8;&#x9BE;</subfield>
    <subfield code="9">2469</subfield>
  </datafield>
  <datafield tag="650" ind1=" " ind2=" ">
    <subfield code="a">Bengali literture</subfield>
    <subfield code="v">History and Criticism</subfield>
    <subfield code="9">2792</subfield>
  </datafield>
  <datafield tag="700" ind1=" " ind2=" ">
    <subfield code="a">&#x9B9;&#x995;, &#x996;&#x9CB;&#x9A8;&#x9CD;&#x9A6;&#x995;&#x9BE;&#x9B0; &#x9B8;&#x9BF;&#x9B0;&#x9BE;&#x99C;&#x9C1;&#x9B2;, &#x997;&#x9AC;&#x9C7;&#x9B7;&#x9A3;&#x9BE; &#x9A4;&#x9A4;&#x9CD;&#x9A4;&#x9CD;&#x9AC;&#x9BE;&#x9AC;&#x9A7;&#x9BE;&#x9AF;&#x9BC;&#x995;</subfield>
    <subfield code="9">2793</subfield>
  </datafield>
  <datafield tag="942" ind1=" " ind2=" ">
    <subfield code="2">ddc</subfield>
    <subfield code="c">THE</subfield>
  </datafield>
  <datafield tag="999" ind1=" " ind2=" ">
    <subfield code="c">79765</subfield>
    <subfield code="d">79765</subfield>
  </datafield>
  <datafield tag="952" ind1=" " ind2=" ">
    <subfield code="1">0</subfield>
    <subfield code="2">ddc</subfield>
    <subfield code="4">0</subfield>
    <subfield code="7">1</subfield>
    <subfield code="8">THESES</subfield>
    <subfield code="a">RUCL</subfield>
    <subfield code="b">RUCL</subfield>
    <subfield code="c">Doc/The</subfield>
    <subfield code="d">2006-05-21</subfield>
    <subfield code="e">Controller of Exam., R. U.</subfield>
    <subfield code="o">BTHE 891.4409 AKA 2005</subfield>
    <subfield code="p">D2484</subfield>
    <subfield code="r">2022-05-08 00:00:00</subfield>
    <subfield code="t">C-1</subfield>
    <subfield code="y">THE</subfield>
  </datafield>
</record>
